The governance gap: (Record no. 30611)
[ view plain ]
| 000 -LEADER | |
|---|---|
| fixed length control field | 01456nam a2200229 4500 |
| 008 - FIXED-LENGTH DATA ELEMENTS--GENERAL INFORMATION | |
| fixed length control field | 251127b |||||||| |||| 00| 0 eng d |
| 020 ## - INTERNATIONAL STANDARD BOOK NUMBER | |
| International Standard Book Number | 9789370037175 |
| 082 ## - DEWEY DECIMAL CLASSIFICATION NUMBER | |
| Classification number | 351.954 |
| Item number | BUD |
| 100 ## - MAIN ENTRY--PERSONAL NAME | |
| Personal name | Budhiraja, Shashi |
| 245 ## - TITLE STATEMENT | |
| Title | The governance gap: |
| Remainder of title | unlocking India's superpower potential |
| 260 ## - PUBLICATION, DISTRIBUTION, ETC. | |
| Place of publication, distribution, etc. | New Delhi: |
| Name of publisher, distributor, etc. | Rupa publications India pvt. ltd.; |
| Date of publication, distribution, etc. | c2025. |
| 300 ## - PHYSICAL DESCRIPTION | |
| Extent | xi, 283p. |
| 500 ## - GENERAL NOTE | |
| General note | includes notes of the book. |
| 520 ## - SUMMARY, ETC. | |
| Summary, etc. | What will it take to unlock India’s true growth potential? The answer is robust institutions and good governance.<br/>Even though India is the world’s largest democracy, is real power held by its people or by those who govern them? How well are we managing the dreams and aspirations of 1.4 billion Bharatiyas? What does the future hold for India? Has the political class delivered on its promises? Is the bureaucracy capable of quick changes? Will governments ever break free of political compulsions and place citizens’ objectives as their central objective? India is acknowledged globally for its capacity to hold regular, peaceful elections—but are they free of the influence of money and muscle power? Have legislatures forgotten their basic role of monitoring the government? |
| 650 ## - SUBJECT ADDED ENTRY--TOPICAL TERM | |
| Topical term or geographic name entry element | Public administration |
| 650 ## - SUBJECT ADDED ENTRY--TOPICAL TERM | |
| Topical term or geographic name entry element | Good governance |
| 650 ## - SUBJECT ADDED ENTRY--TOPICAL TERM | |
| Topical term or geographic name entry element | Policy implementation |
| 650 ## - SUBJECT ADDED ENTRY--TOPICAL TERM | |
| Topical term or geographic name entry element | Public policy |
| 700 ## - ADDED ENTRY--PERSONAL NAME | |
| Personal name | Budhiraja, Rajeev |
| Relator term | Editor |
| 942 ## - ADDED ENTRY ELEMENTS (KOHA) | |
| Source of classification or shelving scheme | Dewey Decimal Classification |
| Suppress in OPAC | No |
| Koha item type | Book |
| Withdrawn status | Lost status | Source of classification or shelving scheme | Damaged status | Not for loan | Home library | Current library | Date acquired | Total checkouts | Full call number | Barcode | Date last seen | Price effective from | Koha item type | Copy number |
|---|---|---|---|---|---|---|---|---|---|---|---|---|---|---|
| Dewey Decimal Classification | IMI Delhi | IMI Delhi | 26/11/2025 | 351.954 BUD | G7656 | 27/11/2025 | 27/11/2025 | Book | ||||||
| Dewey Decimal Classification | IMI Delhi | IMI Delhi | 26/11/2025 | 351.954 BUD | G7657 | 27/11/2025 | 27/11/2025 | Book | 1 |